000 00672nam a2200205 a 4500
001 000044569
005 20201002045453.0
008 140717s1995 enkab 000 0 spa d
040 _aDO-SdBNP
_bspa
_cBNPHU
082 _axxxx
_bxxxx
100 1 _aMétraux, Alfred
_965911
245 1 0 _aLe Vaudou haïtien /
_cAlfred Métraux ; préface de Michel Leiris.
260 _aParis :
_bGallimard,
_c1995.
300 _a357 P. :
_bil., mapas ;
_c19 cm.
490 1 _aTEL
_v20
500 _aIncluye referencias bibliográficas y notas al pie de las páginas
504 _aBibliografía : p. [335]-346
700 1 2 _aLeiris, Michel,
_d1901-1990.
_972592
830 0 _aTEL ;
_n20
_972593
999 _c44058
_d44058